[Event "Ïåðâåíñòâî Ìîñêâû ïî øàõìàòàì 2015 ñðåäè ìàëü÷èêîâ (Ì17)"]
[Site "Moscow"]
[Date "2015.11.14"]
[Round "3.8"]
[White "Ãðèãîðüåâ, Äìèòðèé"]
[Black "Øåâåëåâ, Àëåêñàíäð"]
[Result "1-0"]
[WhiteElo "2076"]
[BlackElo "1496"]
[PlyCount "0"]
[EventDate "2015.11.12"]

1. e4 {[%clk 1:19:09]} c5 {[%clk 1:30:56]} 2. c3 {[%clk 1:19:35]} e6
{[%clk 1:31:03]} 3. d4 {[%clk 1:19:41]} cxd4 {[%clk 1:31:22]} 4. cxd4
{[%clk 1:20:05]} d5 {[%clk 1:31:12]} 5. e5 {[%clk 1:19:45]} Nc6 {[%clk 1:31:28]}
6. Be3 {[%clk 1:16:37]} Qb6 {[%clk 1:27:21]} 7. Qd2 {[%clk 1:15:27]} Nh6
{[%clk 1:23:16]} 8. Bxh6 {[%clk 1:12:13]} gxh6 {[%clk 1:23:41]} 9. Nf3
{[%clk 1:12:10]} Bd7 {[%clk 1:24:03]} 10. Nc3 {[%clk 1:10:00]} a6
{[%clk 1:17:56]} 11. Be2 {[%clk 1:07:33]} Rc8 12. O-O {[%clk 0:52:41]} Na7
{[%clk 1:10:37]} 13. a3 Bb5 {[%clk 1:04:48]} 14. Nxb5 {[%clk 0:42:28]} axb5
{[%clk 0:57:14]} 15. Rfc1 {[%clk 0:41:00]} Rc6 {[%clk 0:56:53]} 16. a4
{[%clk 0:35:41]} bxa4 {[%clk 0:56:14]} 17. Rxa4 {[%clk 0:33:26]} Rxc1+
{[%clk 0:46:18]} 18. Qxc1 {[%clk 0:33:54]} Qc6 {[%clk 0:45:50]} 19. Qa1
{[%clk 0:32:06]} Nc8 {[%clk 0:46:02]} 20. Ra8 {[%clk 0:28:12]} Kd7
{[%clk 0:39:49]} 21. Qa5 {[%clk 0:19:54]} Ke7 22. Bb5 {[%clk 0:19:54]} Qc1+ 23.
Ne1 {[%clk 0:19:54]} Rg8 24. Kf1 {[%clk 0:19:54]} f6 25. exf6+ {[%clk 0:19:54]}
Kf7 26. Be2 {[%clk 0:19:54]} Bd6 27. Qb5 {[%clk 0:19:54]} Qc7 28. Qd3
{[%clk 0:19:54]} Rg6 29. Bh5 {[%clk 0:19:54]} Kxf6 30. Bxg6 {[%clk 0:19:54]} hxg6
31. Qe3 {[%clk 0:19:54]} h5 32. Qc3 {[%clk 0:19:54]} Ne7 33. Qxc7
{[%clk 0:19:54]} Bxc7 34. Nf3 {[%clk 0:19:54]} Nc6 35. Rf8+ {[%clk 0:19:54]} Kg7
36. Rc8 {[%clk 0:19:54]} Bd6 37. Ke2 {[%clk 0:19:54]} Kf6 38. g3 {[%clk 0:19:54]}
Kg7 39. h4 {[%clk 0:19:54]} Kf6 40. Kd3 {[%clk 0:19:54]} Nb4+ 41. Kc3
{[%clk 0:19:54]} Nc6 42. Ng5 {[%clk 0:19:54]} e5 43. dxe5+ {[%clk 0:19:54]} Bxe5+
44. Kb3 {[%clk 0:19:54]} Nd4+ 45. Kb4 {[%clk 0:19:54]} Nc6+ 46. Ka3
{[%clk 0:19:54]} Bd6+ 47. Kb3 {[%clk 0:19:54]} Be5 48. Rf8+ {[%clk 0:19:54]} Ke7
49. Rf7+ {[%clk 0:19:54]} Kd6 50. Kc2 {[%clk 0:19:54]} Nd4+ 51. Kd1
{[%clk 0:19:54]} b5 52. f4 {[%clk 0:19:54]} Bh8 53. Rf8 {[%clk 0:19:54]} Bg7 54.
Rg8 {[%clk 0:19:54]} Nf5 55. b4 {[%clk 0:19:54]} d4 56. Rd8+ {[%clk 0:19:54]} Kc6
57. Kd2 {[%clk 0:19:54]} Nxg3 58. Ne6 {[%clk 0:19:54]} Bf6 59. Nxd4+
{[%clk 0:19:54]} Bxd4 60. Rxd4 {[%clk 0:19:54]} Nf5 61. Rd8 {[%clk 0:19:54]} Nxh4
62. Rg8 {[%clk 0:19:54]} Kd5 63. Rc8 {[%clk 0:19:54]} Ke4 64. Rc5
{[%clk 0:19:54]} Kxf4 65. Rxb5 {[%clk 0:19:54]} Nf5 66. Rb8 {[%clk 0:19:54]} g5
67. b5 {[%clk 0:19:54]} g4 68. b6 {[%clk 0:19:54]} Nd4 69. b7 {[%clk 0:19:54]}
Nc6 70. Rc8 {[%clk 0:19:54]} Ne7 71. Rf8+ {[%clk 0:19:54]} Kg3 72. b8=Q+
{[%clk 0:19:54]} Kg2 73. Qb7+ {[%clk 0:19:54]} Kh2 74. Qxe7 {[%clk 0:19:54]} g3
75. Qh4+ {[%clk 0:19:54]} Kg2 76. Ke2 {[%clk 0:19:54]} Kg1 77. Qxg3+
{[%clk 0:19:54]} Kh1 78. Rf1# {[%clk 0:19:54]} 1-0

[Event "Ïåðâåíñòâî Ìîñêâû ïî øàõìàòàì 2015 ñðåäè ìàëü÷èêîâ (Ì17)"]
[Site "Moscow"]
[Date "2015.11.14"]
[Round "3.9"]
[White "Òåéèòáàåâ, Àêòèëåê"]
[Black "Áóðàêîâ, Àëåêñàíäð"]
[Result "1/2-1/2"]
[WhiteElo "2029"]
[BlackElo "1758"]
[PlyCount "0"]
[EventDate "2015.11.12"]

1. e4 {[%clk 1:30:30]} e5 {[%clk 1:30:14]} 2. Nf3 {[%clk 1:30:48]} Nc6
{[%clk 1:30:40]} 3. Bb5 {[%clk 1:31:07]} a6 {[%clk 1:31:06]} 4. Ba4
{[%clk 1:31:34]} Nf6 {[%clk 1:31:32]} 5. O-O {[%clk 1:31:55]} b5 {[%clk 1:31:49]}
6. Bb3 {[%clk 1:32:24]} Be7 {[%clk 1:32:14]} 7. Re1 {[%clk 1:32:43]} O-O
{[%clk 1:31:57]} 8. h3 {[%clk 1:33:07]} d6 {[%clk 1:31:28]} 9. c3
{[%clk 1:33:35]} Na5 {[%clk 1:31:08]} 10. Bc2 {[%clk 1:34:04]} c5
{[%clk 1:30:29]} 11. d4 {[%clk 1:33:57]} Qc7 {[%clk 1:30:42]} 12. Nbd2
{[%clk 1:34:04]} Bd7 {[%clk 1:27:14]} 13. Nf1 {[%clk 1:28:17]} Rac8
{[%clk 1:23:18]} 14. Ne3 {[%clk 1:26:28]} cxd4 {[%clk 1:22:25]} 15. cxd4
{[%clk 1:26:16]} Nc4 {[%clk 1:15:52]} 16. Nxc4 {[%clk 1:25:07]} bxc4
{[%clk 1:13:43]} 17. Bd2 {[%clk 1:23:26]} Bc6 {[%clk 1:08:39]} 18. Bc3
{[%clk 1:21:28]} Nd7 {[%clk 1:08:45]} 19. Qe2 {[%clk 1:20:33]} Bb7
{[%clk 1:06:26]} 20. Rad1 {[%clk 1:16:44]} Bf6 {[%clk 1:00:54]} 21. Qd2
{[%clk 1:06:08]} Bc6 {[%clk 0:52:37]} 22. Ba5 {[%clk 0:58:00]} Qb8
{[%clk 0:48:33]} 23. Rb1 {[%clk 0:49:02]} Bd8 {[%clk 0:40:31]} 24. Bb4
{[%clk 0:44:15]} Re8 {[%clk 0:36:25]} 25. b3 {[%clk 0:42:54]} cxb3
{[%clk 0:35:54]} 26. Bxb3 {[%clk 0:39:23]} Bc7 {[%clk 0:27:46]} 27. Ba5
{[%clk 0:19:36]} Qa8 {[%clk 0:23:00]} 28. d5 {[%clk 0:19:48]} Bb7
{[%clk 0:22:37]} 29. Ba4 {[%clk 0:20:14]} Red8 {[%clk 0:20:14]} 30. Bxd7
{[%clk 0:16:29]} Rxd7 {[%clk 0:20:42]} 31. Bxc7 {[%clk 0:16:58]} Rdxc7
{[%clk 0:21:02]} 32. Qb4 {[%clk 0:17:16]} Rd7 {[%clk 0:18:44]} 33. Nd2
{[%clk 0:17:39]} a5 {[%clk 0:14:03]} 34. Qa4 {[%clk 0:17:09]} Rdc7
{[%clk 0:10:54]} 35. Nb3 {[%clk 0:17:37]} f5 {[%clk 0:07:18]} 36. f3
{[%clk 0:15:45]} fxe4 {[%clk 0:07:35]} 37. fxe4 {[%clk 0:16:14]} Qa7+
{[%clk 0:07:53]} 38. Kh1 {[%clk 0:16:25]} Rc2 {[%clk 0:06:28]} 39. Rf1
{[%clk 0:15:09]} Ba8 {[%clk 0:04:28]} 40. a3 {[%clk 0:10:41]} R2c4
{[%clk 0:04:05]} 41. Qxa5 {[%clk 0:09:38]} Qxa5 {[%clk 0:04:31]} 42. Nxa5
{[%clk 0:10:07]} Rxe4 {[%clk 0:04:39]} 43. Nb7 {[%clk 0:07:49]} Bxb7
{[%clk 0:03:57]} 44. Rxb7 {[%clk 0:08:18]} Rf4 {[%clk 0:03:33]} 45. Rxf4
{[%clk 0:06:33]} exf4 {[%clk 0:04:00]} 46. Rd7 {[%clk 0:07:02]} Ra8
{[%clk 0:04:23]} 1/2-1/2

[Event "Ïåðâåíñòâî Ìîñêâû ïî øàõìàòàì 2015 ñðåäè ìàëü÷èêîâ (Ì17)"]
[Site "Moscow"]
[Date "2015.11.14"]
[Round "3.10"]
[White "Àíòîíÿí, Ãðàíò"]
[Black "Ìåòåëåâ, Áîðèñ"]
[Result "1-0"]
[WhiteElo "2005"]
[BlackElo "1756"]
[PlyCount "0"]
[EventDate "2015.11.12"]

1. e4 {[%clk 1:30:55]} d6 {[%clk 1:28:25]} 2. d4 {[%clk 1:31:15]} Nf6
{[%clk 1:28:08]} 3. Nc3 {[%clk 1:31:35]} g6 {[%clk 1:26:50]} 4. f4
{[%clk 1:31:53]} Bg7 {[%clk 1:25:38]} 5. Nf3 {[%clk 1:31:41]} O-O
{[%clk 1:25:15]} 6. e5 {[%clk 1:31:23]} dxe5 {[%clk 1:20:26]} 7. dxe5
{[%clk 1:31:32]} Qxd1+ {[%clk 1:17:06]} 8. Nxd1 {[%clk 1:30:57]} Nd5
{[%clk 1:13:56]} 9. c4 {[%clk 1:28:30]} Nb4 {[%clk 1:06:25]} 10. Ne3
{[%clk 1:28:40]} c6 {[%clk 1:00:58]} 11. Bd2 {[%clk 1:28:37]} N4a6
{[%clk 0:59:43]} 12. Bd3 Nd7 {[%clk 0:57:05]} 13. b4 {[%clk 1:19:56]} Nc7
{[%clk 0:51:27]} 14. Bc3 {[%clk 1:14:30]} f6 {[%clk 0:40:27]} 15. O-O
{[%clk 1:08:32]} fxe5 {[%clk 0:23:39]} 16. fxe5 {[%clk 1:07:20]} Ne6
{[%clk 0:22:33]} 17. g3 {[%clk 0:55:33]} Rxf3 {[%clk 0:10:14]} 18. Rxf3
{[%clk 0:55:19]} Nxe5 {[%clk 0:10:22]} 19. Bxe5 {[%clk 0:55:34]} Bxe5
{[%clk 0:10:45]} 20. Raf1 {[%clk 0:45:54]} Bd4 21. h4 {[%clk 0:45:54]} g5 22. Kh2
{[%clk 0:45:54]} gxh4 23. Nf5 {[%clk 0:45:54]} Be5 24. Nxe7+ {[%clk 0:45:54]} Kh8
25. Rf8+ {[%clk 0:45:54]} Nxf8 26. Rxf8+ {[%clk 0:45:54]} Kg7 27. Rxc8
{[%clk 0:45:54]} hxg3+ 28. Kg2 {[%clk 0:45:54]} Rxc8 29. Nxc8 {[%clk 0:45:54]}
Kf8 1-0

[Event "Ïåðâåíñòâî Ìîñêâû ïî øàõìàòàì 2015 ñðåäè"]
[Site "Moscow"]
[Date "2015.11.14"]
[Round "3.11"]
[White "Ãåéâîíäÿí, Àðñåí."]
[Black "Ïàâëåíêî, Àëåêñåé."]
[Result "1/2-1/2"]
[WhiteElo "1743"]
[BlackElo "1918"]
[PlyCount "75"]
[EventDate "2015.11.12"]

1. e4 e6 2. d4 d5 3. exd5 exd5 4. Nf3 Nf6 5. Bd3 Bd6 6. O-O O-O 7. Bg5 Bg4 8.
Nbd2 c6 9. c3 Nbd7 10. Qc2 h6 11. Bh4 Qc7 12. Bg3 Bxg3 13. fxg3 c5 14. Rf2 c4
15. Bf5 Rfe8 16. Bxd7 Nxd7 17. Raf1 Re7 18. h3 Bh5 19. Qf5 Bg6 20. Qxd5 Bd3 21.
Re1 Rxe1+ 22. Nxe1 Nf6 23. Qf3 Bg6 24. Re2 Rc8 25. Qf4 Qb6 26. Ndf3 Nh5 27. Qe5
f6 28. Qd5+ Bf7 29. Qd7 Rd8 30. Qg4 Qd6 31. Kf2 f5 32. Qh4 g5 33. Nxg5 hxg5 34.
Qxg5+ Kh8 35. Qxf5 Qxg3+ 36. Kg1 Qg6 37. Qe5+ Qg7 38. Qc7 1/2-1/2

[Event "Ïåðâåíñòâî Ìîñêâû ïî øàõìàòàì 2015 ñðåäè"]
[Site "Moscow"]
[Date "2015.11.14"]
[Round "3.12"]
[White "Ìàçàåâ, Ðîìàí."]
[Black "Ñàâåëüåâ, Àðòåì."]
[Result "0-1"]
[WhiteElo "1726"]
[BlackElo "1899"]
[PlyCount "82"]
[EventDate "2015.11.12"]

1. d4 Nf6 2. c4 g6 3. Nc3 Bg7 4. e4 d6 5. f3 O-O 6. Be3 Nbd7 7. Bd3 e5 8. d5 a5
9. Nge2 Nc5 10. Bc2 Ne8 11. a3 f5 12. b4 axb4 13. axb4 Rxa1 14. Qxa1 Na6 15.
Qa3 f4 16. Bf2 b6 17. Kd2 g5 18. c5 dxc5 19. bxc5 Nxc5 20. Bxc5 bxc5 21. Qxc5
Rf6 22. Ba4 Bf8 23. Qc4 Nd6 24. Qa2 g4 25. Rc1 Rh6 26. h3 gxf3 27. gxf3 Rxh3
28. Rg1+ Kh8 29. Rf1 Rh2 30. Bc6 Bh3 31. Rb1 Bg2 32. Qa7 Nc4+ 33. Kd3 Nb6 34.
Ng1 Bc5 35. Na4 Nxa4 36. Qxa4 Bb6 37. Qd1 Qd6 38. Ra1 Qc5 39. Ra8+ Kg7 40. Qa1
Bf1+ 41. Qxf1 Qd4# 0-1

[Event "Ïåðâåíñòâî Ìîñêâû ïî øàõìàòàì 2015 ñðåäè"]
[Site "Moscow"]
[Date "2015.11.14"]
[Round "3.13"]
[White "Àëåêñååâ, Âàñèëèé."]
[Black "Òâåðäîõëåá, Àëåêñàíäð."]
[Result "0-1"]
[WhiteElo "1629"]
[BlackElo "1885"]
[PlyCount "28"]
[EventDate "2015.11.12"]

1. e4 Nf6 2. e5 Nd5 3. d4 d6 4. c4 Nb6 5. exd6 cxd6 6. Nf3 g6 7. Nc3 Bg7 8. Be3
Nc6 9. a3 Bg4 10. h3 Bxf3 11. gxf3 O-O 12. h4 e6 13. h5 d5 14. c5 Nc4 0-1

[Event "Ïåðâåíñòâî Ìîñêâû ïî øàõìàòàì 2015 ñðåäè"]
[Site "Moscow"]
[Date "2015.11.14"]
[Round "3.14"]
[White "Ñó÷êîâ, Àëåêñàíäð."]
[Black "Õóäÿêîâ, Ñòàíèñëàâ."]
[Result "1/2-1/2"]
[WhiteElo "1873"]
[BlackElo "1750"]
[PlyCount "59"]
[EventDate "2015.11.12"]

1. d4 d5 2. c4 e6 3. Nc3 f5 4. Bf4 c6 5. e3 Nf6 6. Nf3 Be7 7. Bd3 O-O 8. Qc2
Ne4 9. g4 Qa5 10. gxf5 exf5 11. O-O Nxc3 12. bxc3 Be6 13. cxd5 Qxd5 14. Ne5 Qd8
15. Rab1 Qc8 16. Kh1 Nd7 17. c4 Nxe5 18. Bxe5 Bf6 19. f4 Qd7 20. Rg1 b6 21. Rg3
Rf7 22. Rbg1 Bxe5 23. fxe5 Rc8 24. Rg5 g6 25. Qg2 Kf8 26. h4 Ke8 27. Qf2 Kd8
28. Rd1 Kc7 29. Qf3 b5 30. Rc1 1/2-1/2

[Event "Ïåðâåíñòâî Ìîñêâû ïî øàõìàòàì 2015 ñðåäè"]
[Site "Moscow"]
[Date "2015.11.14"]
[Round "3.15"]
[White "Êîìÿãèí, Ìèõàèë."]
[Black "Âåðøèíèí, Èâàí."]
[Result "0-1"]
[WhiteElo "1862"]
[BlackElo "1707"]
[PlyCount "112"]
[EventDate "2015.11.12"]

1. Nf3 Nf6 2. g3 e6 3. Bg2 d5 4. O-O Be7 5. d3 O-O 6. Nbd2 c5 7. e4 Nc6 8. e5
Nd7 9. Re1 Qc7 10. Qe2 b5 11. h4 Bb7 12. Nf1 Rfe8 13. Bf4 Qb6 14. Bh3 d4 15. a3
Rac8 16. Ng5 Bxg5 17. hxg5 Ne7 18. Nd2 Ng6 19. Bg2 Bxg2 20. Kxg2 c4 21. dxc4
bxc4 22. Rh1 Qc6+ 23. Qe4 Ndxe5 24. Bxe5 Nxe5 25. Qxc6 Rxc6 26. Rh4 c3 27. bxc3
dxc3 28. Nb3 Rc4 29. Re1 Rxh4 30. gxh4 Nc4 31. a4 Rd8 32. Re4 Na3 33. Re3 Rc8
34. Nd4 Kf8 35. Nb5 Nxc2 36. Rxc3 Rxc3 37. Nxc3 Nb4 38. Kf3 Ke7 39. Ke4 Kd7 40.
Kd4 Kc6 41. Kc4 Nd5 42. Ne4 Nf4 43. f3 Ng6 44. h5 Ne5+ 45. Kb4 Nxf3 46. Ka5 Kc7
47. Ka6 Kb8 48. g6 hxg6 49. hxg6 fxg6 50. Nc5 g5 51. Nxe6 g4 52. Nf4 g3 53. Ng2
Nd4 54. Ka5 Kb7 55. Kb4 Kb6 56. Kc4 Nf5 0-1

[Event "Ïåðâåíñòâî Ìîñêâû ïî øàõìàòàì 2015 ñðåäè"]
[Site "Moscow"]
[Date "2015.11.14"]
[Round "3.17"]
[White "Ìõèòàðÿí, Àðñåí."]
[Black "Àõìåòîâ, Ãàçèç."]
[Result "1-0"]
[WhiteElo "1776"]
[BlackElo "1649"]
[PlyCount "93"]
[EventDate "2015.11.12"]

1. d4 d5 2. Nf3 Nf6 3. e3 c6 4. Bd3 e6 5. O-O Nbd7 6. Ne5 Nxe5 7. dxe5 Nd7 8.
f4 b6 9. b3 Qc7 10. Nd2 c5 11. Bb2 Bb7 12. Rc1 Be7 13. Rf3 O-O-O 14. e4 dxe4
15. Nxe4 Bxe4 16. Bxe4 Nxe5 17. Bxe5 Bd6 18. Bxd6 Rxd6 19. Rd3 Rxd3 20. Qxd3
Rd8 21. Qa6+ Kb8 22. g3 Rd2 23. Qc4 Qd6 24. Bd3 h6 25. Qc3 Qd4+ 26. Qxd4 cxd4
27. Re1 Kc7 28. Re4 Rd1+ 29. Kg2 Rd2+ 30. Kh3 Rd1 31. Rxd4 f5 32. c3 Re1 33.
Bc4 a5 34. Rd2 Re3 35. Re2 Rxc3 36. Rxe6 a4 37. Re7+ Kc6 38. Rxg7 Rc2 39. Bf7
Rxa2 40. bxa4 Rb2 41. Be8+ Kc5 42. Rb7 Rd2 43. Rf7 Rd5 44. Rf6 Rd6 45. Rxd6
Kxd6 46. Kh4 Ke7 47. Bg6 1-0

[Event "Ïåðâåíñòâî Ìîñêâû ïî øàõìàòàì 2015 ñðåäè"]
[Site "Moscow"]
[Date "2015.11.14"]
[Round "3.18"]
[White "Ñìèðíîâ, Àðòåìèé."]
[Black "Òåðòû÷íûé, Äìèòðèé."]
[Result "1/2-1/2"]
[WhiteElo "1529"]
[BlackElo "1704"]
[PlyCount "72"]
[EventDate "2015.11.12"]

1. d4 d5 2. c4 Nc6 3. cxd5 Qxd5 4. Nf3 e5 5. Nc3 Bb4 6. Bd2 Bxc3 7. Bxc3 e4 8.
Nd2 e3 9. fxe3 Nf6 10. Nf3 O-O 11. g3 Ng4 12. Qb3 Qxb3 13. axb3 Nxe3 14. Kf2
Re8 15. Ne5 Nxf1 16. Rhxf1 Nxe5 17. dxe5 Be6 18. b4 a6 19. Rad1 Rad8 20. Rd3
Bc4 21. Rdd1 Bb3 22. Rd4 Rxd4 23. Bxd4 Rd8 24. Ke3 Kf8 25. Rc1 c6 26. Rc3 Be6
27. Rd3 Ke8 28. Bc5 g6 29. Kf4 Rd5 30. g4 Rxd3 31. exd3 h6 32. h4 Bb3 33. g5 h5
34. Bb6 Bd1 35. Bc5 Bb3 36. Bb6 Bd1 1/2-1/2

[Event "Ïåðâåíñòâî Ìîñêâû ïî øàõìàòàì 2015 ñðåäè"]
[Site "Moscow"]
[Date "2015.11.14"]
[Round "3.19"]
[White "Êàäûêîâ, Àëåêñàíäð."]
[Black "Óòðîáèí, Åãîð."]
[Result "0-1"]
[WhiteElo "1612"]
[BlackElo "1674"]
[PlyCount "90"]
[EventDate "2015.11.12"]

1. Nf3 d5 2. g3 Nd7 3. Bg2 e5 4. d3 c6 5. a3 a5 6. Nbd2 Ngf6 7. Rb1 Bd6 8. c4
O-O 9. O-O Qe7 10. Qc2 b6 11. e3 Ba6 12. Qc3 b5 13. Re1 b4 14. axb4 Bxb4 15.
Qc2 Rac8 16. Rd1 Rfd8 17. b3 Bb7 18. Bb2 c5 19. Bc3 Ra8 20. Bxb4 axb4 21. Ra1
Nb6 22. Qb2 Nfd7 23. Rxa8 Rxa8 24. Ra1 f6 25. Rxa8+ Bxa8 26. Qc1 e4 27. dxe4
dxe4 28. Ne1 Qe5 29. Qb1 f5 30. Qc1 Nf6 31. h3 h6 32. Kh2 Nh5 33. Qd1 g6 34.
Kg1 Kf7 35. g4 fxg4 36. Qxg4 Nf6 37. Qf4 Qxf4 38. exf4 Ke6 39. f3 Kf5 40. fxe4+
Kxf4 41. e5 Kxe5 42. Nd3+ Kd4 43. Bf1 g5 44. Kf2 Ne4+ 45. Ke2 Ng3+ 0-1

[Event "Ïåðâåíñòâî Ìîñêâû ïî øàõìàòàì 2015 ñðåäè"]
[Site "Moscow"]
[Date "2015.11.14"]
[Round "3.20"]
[White "Áîðèñåíêî, Ñàâåëèé."]
[Black "Ñåäîâ, Ìàðê."]
[Result "0-1"]
[WhiteElo "1642"]
[BlackElo "1610"]
[PlyCount "94"]
[EventDate "2015.11.12"]

1. e4 c5 2. Nc3 Nc6 3. g3 g6 4. Bg2 Bg7 5. Nge2 Nf6 6. O-O O-O 7. f4 d6 8. d3
Bd7 9. h3 a6 10. Kh2 Rb8 11. Ng1 b5 12. Nf3 b4 13. Ne2 a5 14. g4 a4 15. f5 Qb6
16. fxg6 fxg6 17. Nf4 e5 18. Ne2 b3 19. Nc3 bxc2 20. Qxc2 Nb4 21. Qd1 Qa6 22.
Ne1 Ra8 23. a3 Nc6 24. Bg5 Be6 25. Qc1 Nd4 26. Qd1 Nd7 27. Rxf8+ Nxf8 28. Nf3
Bb3 29. Qf1 Nfe6 30. Be3 Nc2 31. Ng5 Nxg5 32. Bxg5 Rf8 33. Qg1 Nxa1 34. Qxa1
Qxd3 35. Be7 Rf7 36. Bh4 Qd2 37. Be1 Qd3 38. Bh4 Bf6 39. g5 Bd8 40. Nd5 Bxd5
41. exd5 Qd2 42. Be1 Qxg5 43. Qd1 Qf4+ 44. Bg3 Qd4 45. Qe2 Bh4 46. Qa6 Bxg3+
47. Kxg3 Qf4# 0-1

[Event "Ïåðâåíñòâî Ìîñêâû ïî øàõìàòàì 2015 ñðåäè"]
[Site "Moscow"]
[Date "2015.11.14"]
[Round "3.21"]
[White "Êîðíååíêî, Àëåêñåé."]
[Black "Øèðîêîâ, Àíäðåé."]
[Result "1-0"]
[WhiteElo "1557"]
[BlackElo "1633"]
[PlyCount "113"]
[EventDate "2015.11.12"]

1. e4 e5 2. Nf3 Nc6 3. d4 exd4 4. Nxd4 g6 5. Nxc6 bxc6 6. Qd4 Qf6 7. Be3 Bg7 8.
c3 d6 9. Nd2 Be6 10. Qa4 Qd8 11. Bc4 Qd7 12. Bxe6 fxe6 13. Nf3 Ne7 14. Rd1 e5
15. Bg5 h6 16. Be3 O-O 17. O-O g5 18. Ne1 Ng6 19. g3 Rab8 20. b4 Qg4 21. f3 Qd7
22. Rd2 Rf7 23. Qxa7 Rbf8 24. Qa6 Qh3 25. Qe2 Qe6 26. Rb2 g4 27. Rf2 gxf3 28.
Nxf3 Qg4 29. Nd2 Qh3 30. Rxf7 Rxf7 31. Qg2 Qg4 32. Rb1 Qe6 33. c4 Bf8 34. a3
Nh4 35. Qe2 Ng6 36. Rf1 Rxf1+ 37. Kxf1 d5 38. exd5 cxd5 39. cxd5 Qf5+ 40. Kg2
Qc2 41. Qc4 Qxc4 42. Nxc4 Ne7 43. Nxe5 Nxd5 44. Bd2 Bg7 45. Nc4 Kf7 46. Kf3 Ke6
47. a4 Nc3 48. a5 Kd5 49. Ne3+ Kc6 50. Nf5 Bf6 51. Nxh6 Kb5 52. Nf5 c5 53. Bxc3
Bxc3 54. bxc5 Bxa5 55. Nd6+ Kc6 56. Ne4 Kd5 57. h4 1-0

[Event "Ïåðâåíñòâî Ìîñêâû ïî øàõìàòàì 2015 ñðåäè"]
[Site "Moscow"]
[Date "2015.11.14"]
[Round "3.22"]
[White "Ìàõìóäîâ, Äæîðäæ."]
[Black "Ñèíÿâèí, Ðîìàí."]
[Result "0-1"]
[WhiteElo "1404"]
[BlackElo "1625"]
[PlyCount "52"]
[EventDate "2015.11.12"]

1. Nf3 d5 2. g3 Bg4 3. Bg2 Bxf3 4. Bxf3 e6 5. d3 Nf6 6. O-O Nbd7 7. Nd2 c6 8.
e4 Qc7 9. c3 Bd6 10. d4 dxe4 11. Nxe4 Nxe4 12. Bxe4 Nf6 13. Bg2 h5 14. Bg5
O-O-O 15. Bxf6 gxf6 16. Qf3 f5 17. c4 h4 18. d5 hxg3 19. fxg3 Qb6+ 20. Kh1 Rdg8
21. dxc6 Rxg3 22. cxb7+ Kb8 23. Qc6 Rxh2+ 24. Kxh2 Rg5+ 25. Kh1 Rh5+ 26. Bh3
Qxc6+ 0-1

[Event "Ïåðâåíñòâî Ìîñêâû ïî øàõìàòàì 2015 ñðåäè"]
[Site "Moscow"]
[Date "2015.11.14"]
[Round "3.23"]
[White "Ôèíêåëüøòåéí, Àëåêñàíäð."]
[Black "Ìèíàøêèí, Èãîðü."]
[Result "1-0"]
[WhiteElo "1616"]
[BlackElo "1556"]
[PlyCount "85"]
[EventDate "2015.11.12"]

1. d4 d5 2. c4 c6 3. cxd5 cxd5 4. Nf3 Nf6 5. Nc3 Nc6 6. Bf4 Bf5 7. e3 e6 8. Qb3
Bb4 9. a3 Bxc3+ 10. bxc3 Qb6 11. Qxb6 axb6 12. Bb5 O-O 13. Bc7 Na7 14. Be2 Rfc8
15. Bxb6 Rxc3 16. O-O Nc6 17. a4 Rc2 18. Bb5 Nd7 19. a5 Rb2 20. Bxc6 bxc6 21.
Bc7 Ra7 22. Bb6 Nxb6 23. axb6 Rxa1 24. Rxa1 h6 25. Ne5 Rxb6 26. Ra8+ Kh7 27. g4
Be4 28. f3 Bg6 29. Nd7 Rb1+ 30. Kf2 h5 31. g5 Rb2+ 32. Kg3 Bf5 33. Nf8+ Kg8 34.
Nxe6+ Kh7 35. Nf8+ Kg8 36. Ng6+ Kh7 37. Ne5 Re2 38. Nxf7 Rxe3 39. Kf4 Re7 40.
g6+ Kxg6 41. Ne5+ Kh7 42. Kxf5 Rc7 43. Ng6 1-0

[Event "Ïåðâåíñòâî Ìîñêâû ïî øàõìàòàì 2015 ñðåäè ìàëü÷èêîâ (Ì17)"]
[Site "Moscow"]
[Date "2015.11.15"]
[Round "4.1"]
[White "Ñìèðíîâ, Òèìîôåé"]
[Black "Íàâðîäñêèé, Áîðèñ"]
[Result "1-0"]
[WhiteElo "2298"]
[BlackElo "2173"]
[PlyCount "0"]
[EventDate "2015.11.12"]

1. e4 {[%clk 1:30:58]} c6 {[%clk 1:19:51]} 2. d4 {[%clk 1:31:21]} d5
{[%clk 1:20:17]} 3. Nc3 {[%clk 1:31:45]} dxe4 {[%clk 1:20:44]} 4. Nxe4
{[%clk 1:32:09]} Bf5 {[%clk 1:21:11]} 5. Ng3 {[%clk 1:32:29]} Bg6
{[%clk 1:21:35]} 6. Nh3 {[%clk 1:32:26]} Nf6 {[%clk 1:21:40]} 7. Nf4
{[%clk 1:32:17]} Nd5 {[%clk 1:22:03]} 8. Nxg6 {[%clk 1:31:40]} hxg6
{[%clk 1:22:27]} 9. c3 {[%clk 1:30:24]} e6 {[%clk 1:22:26]} 10. Bd3
{[%clk 1:26:05]} Bd6 {[%clk 1:20:06]} 11. Qf3 {[%clk 1:26:07]} Qf6
{[%clk 1:17:50]} 12. Qxf6 {[%clk 1:15:44]} gxf6 {[%clk 1:15:02]} 13. Ne4
{[%clk 1:11:59]} Be7 {[%clk 0:56:14]} 14. Bd2 {[%clk 1:00:30]} f5
{[%clk 0:55:43]} 15. Ng5 {[%clk 1:00:04]} Rh5 {[%clk 0:49:34]} 16. Nf3
{[%clk 0:55:19]} Nd7 {[%clk 0:46:03]} 17. O-O-O {[%clk 0:50:26]} O-O-O
{[%clk 0:42:00]} 18. a3 {[%clk 0:41:53]} Bd6 {[%clk 0:35:39]} 19. h3
{[%clk 0:24:42]} Nf4 {[%clk 0:33:44]} 20. Bf1 {[%clk 0:19:58]} Rdh8
{[%clk 0:30:25]} 21. h4 {[%clk 0:18:37]} g5 {[%clk 0:24:08]} 22. g3
{[%clk 0:19:00]} g4 23. Ne1 {[%clk 0:16:14]} Ng6 {[%clk 0:24:52]} 24. Be2
{[%clk 0:15:19]} Nf6 {[%clk 0:22:15]} 25. Nd3 {[%clk 0:14:24]} f4
{[%clk 0:19:35]} 26. gxf4 {[%clk 0:14:01]} Rxh4 {[%clk 0:18:10]} 27. Rxh4
{[%clk 0:12:53]} Rxh4 {[%clk 0:18:08]} 28. f5 {[%clk 0:12:52]} exf5
{[%clk 0:17:21]} 29. Bg5 {[%clk 0:13:13]} Rh2 {[%clk 0:10:53]} 30. Bxf6
{[%clk 0:11:59]} Nf4 {[%clk 0:06:09]} 31. Bf1 {[%clk 0:03:02]} Nxd3+
{[%clk 0:03:06]} 32. Bxd3 {[%clk 0:03:31]} Rxf2 {[%clk 0:03:35]} 33. Rf1
{[%clk 0:03:20]} Rxf1+ {[%clk 0:04:04]} 34. Bxf1 {[%clk 0:03:49]} Kd7
{[%clk 0:04:33]} 35. Kd2 {[%clk 0:02:01]} Ke6 {[%clk 0:04:14]} 36. Bg5
{[%clk 0:01:33]} f4 {[%clk 0:01:14]} 37. Bd3 {[%clk 0:02:02]} f3 {[%clk 0:01:01]}
38. Ke3 {[%clk 0:02:01]} Bg3 {[%clk 0:01:13]} 39. Bf4 {[%clk 0:00:56]} Be1
{[%clk 0:01:06]} 40. Bb8 {[%clk 0:00:53]} a6 {[%clk 0:01:34]} 41. Kf4
{[%clk 0:00:43]} Bd2+ {[%clk 0:01:46]} 42. Kxg4 {[%clk 0:01:11]} Bc1
{[%clk 0:02:02]} 43. b3 {[%clk 0:00:42]} Bxa3 {[%clk 0:01:45]} 44. c4
{[%clk 0:00:36]} Bb2 {[%clk 0:02:02]} 45. Ba7 {[%clk 0:01:04]} b5
{[%clk 0:02:18]} 46. Kxf3 {[%clk 0:01:18]} f5 {[%clk 0:02:15]} 47. Be2
{[%clk 0:00:48]} Bc1 {[%clk 0:01:52]} 48. Bd3 {[%clk 0:00:35]} Bb2
{[%clk 0:02:17]} 49. Ke2 {[%clk 0:00:58]} Bc3 {[%clk 0:01:19]} 50. Kd1
{[%clk 0:00:54]} Bb4 {[%clk 0:01:25]} 51. Bf1 {[%clk 0:00:57]} Bc3
{[%clk 0:01:18]} 52. Kc2 {[%clk 0:01:04]} Bb4 {[%clk 0:01:40]} 53. Bg2
{[%clk 0:00:46]} Kd6 {[%clk 0:01:49]} 54. Bb8+ {[%clk 0:00:55]} Kd7
{[%clk 0:02:05]} 55. Bf1 {[%clk 0:00:39]} Be1 {[%clk 0:02:19]} 56. Bh3
{[%clk 0:00:41]} Ke6 {[%clk 0:02:46]} 57. Bg2 {[%clk 0:01:10]} Kd7
{[%clk 0:03:06]} 58. Bf1 {[%clk 0:00:42]} Bf2 {[%clk 0:03:12]} 59. Be5
{[%clk 0:00:47]} Ke6 {[%clk 0:03:28]} 60. Bh8 {[%clk 0:01:15]} Be1
{[%clk 0:03:40]} 61. Kd1 {[%clk 0:01:17]} Bb4 {[%clk 0:03:46]} 62. Bd3
{[%clk 0:01:14]} Bf8 {[%clk 0:03:59]} 63. Ke2 {[%clk 0:01:35]} Bh6
{[%clk 0:04:21]} 64. Kf3 {[%clk 0:01:56]} Bc1 {[%clk 0:04:44]} 65. Bg7
{[%clk 0:01:48]} Bd2 {[%clk 0:05:07]} 66. Bf8 {[%clk 0:01:36]} Bc1
{[%clk 0:05:25]} 67. Bc5 {[%clk 0:00:52]} Bd2 {[%clk 0:05:32]} 68. Ke2
{[%clk 0:00:49]} Bc1 {[%clk 0:05:31]} 69. Kd1 {[%clk 0:00:55]} Bg5
{[%clk 0:05:44]} 70. Kc2 {[%clk 0:00:47]} Bd8 {[%clk 0:05:24]} 71. Bf1
{[%clk 0:00:36]} Bc7 {[%clk 0:05:27]} 72. Bg2 {[%clk 0:00:36]} Kd7
{[%clk 0:05:51]} 73. d5 {[%clk 0:00:35]} cxd5 {[%clk 0:05:23]} 74. cxd5
{[%clk 0:00:53]} Be5 {[%clk 0:04:16]} 75. Bh3 {[%clk 0:01:18]} Kc7
{[%clk 0:04:41]} 76. Bxf5 {[%clk 0:01:43]} Bg3 {[%clk 0:04:31]} 77. Kd2
{[%clk 0:00:48]} Bf4+ {[%clk 0:04:45]} 78. Kc3 {[%clk 0:00:59]} Bg3
{[%clk 0:04:59]} 79. Kd2 {[%clk 0:00:38]} Bf4+ {[%clk 0:05:21]} 80. Ke2
{[%clk 0:00:37]} Bg3 {[%clk 0:05:10]} 81. Kf3 {[%clk 0:00:45]} Be5
{[%clk 0:04:28]} 82. Bd3 {[%clk 0:01:01]} Bh2 {[%clk 0:03:28]} 83. Ke4
{[%clk 0:01:25]} Kd7 {[%clk 0:03:54]} 84. Kf5 {[%clk 0:01:44]} Bg3
{[%clk 0:03:35]} 85. Be2 {[%clk 0:01:23]} Bh4 {[%clk 0:03:29]} 86. Bg4
{[%clk 0:01:47]} Kc7 {[%clk 0:03:24]} 87. Ke6 {[%clk 0:02:12]} a5
{[%clk 0:03:49]} 88. Be7 {[%clk 0:01:39]} Bg3 {[%clk 0:03:23]} 89. d6+
{[%clk 0:02:04]} 1-0